|
|
|
|
| LEADER |
00919cam a2200229 7i4500 |
| 001 |
0000014946 |
| 005 |
20170218090000.0 |
| 008 |
100615 eng |
| 090 |
0 |
0 |
|a SH135.A68
|b K38 2009
|
| 100 |
0 |
|
|a Kavitha Thambyraja
|
| 245 |
1 |
2 |
|a A study on aquaculture business and its impacts towards aquaculture sector
|c Kavitha d/o Thambyraja, Ellamara s/oSundram, Sureen Murugiah Naidu.
|
| 260 |
|
|
|a Bestari Jaya, Selangor:
|b UNISEL,
|c 2009.
|
| 300 |
|
|
|a xii, 87 p.:
|b col. ill.;
|c 30 cm.
|
| 504 |
|
|
|a Includes bibliographical references
|
| 610 |
2 |
|
|a Universiti Industri Selangor
|
| 650 |
0 |
0 |
|a Aquaculture development
|
| 650 |
0 |
0 |
|a Aquaculture
|
| 700 |
1 |
|
|a Naidu, Sureen Murugiah
|
| 700 |
0 |
|
|a Ellamara Sundram,
|
| 997 |
|
|
|a Business & Accountancy, Faculty
|
| 998 |
|
|
|a Industrial Management, Degree
|
| 999 |
|
|
|a PRC0000388
|b PROJECT REPORT COLLECTION
|c PROJECT REPORT COLLECTION
|e Thesis Room, Bestari Jaya
|